000 00613nam a22002297a 4500
003 LK-CoMWRAF
005 20230910190103.0
008 230910b2001 |||||||| |||| 00| 0 eng d
020 _a9556250123
040 _aLK-CoMWRAF
_dLK-CoMWRAF
_eLK-CoMWRAF
041 _aeng
082 _a340.59
_bKOD
100 _aKodikara, Chulani
_vSamanthi, Janaki
110 _aZacrariya, Faizun
245 _aDivorce
260 _aColombo :
_bMuslim Women's Research and Action Forum,
_c2001
300 _a18p. ; 25cm
490 _aLegal literacy Booklet No.2
650 _aDivorce
650 _aIslamic law
942 _cBK
999 _c3532
_d3532